| 000 | 01214nam0a22002891 4500 | ||
|---|---|---|---|
| 001 | rc\3510250 | ||
| 005 | 20130115142508.9 | ||
| 021 |
_aRU _b[74-62593] |
||
| 035 | _a(NLR Aleph) 007677422 | ||
| 090 |
_a6501060 _c6501060 |
||
| 100 | _a20130115d1974 |||y0rusy50 ca | ||
| 101 | 0 | _arus | |
| 102 | _aRU | ||
| 105 | _ay z ||||| | ||
| 200 | 1 |
_aО некоторых диэлектрических свойствах неупорядоченных полупроводников _eПрепринт _fАН СССР. Урал. науч. центр. Ин-т физики металлов |
|
| 210 |
_aСвердловск _cБ. и. _d1974 |
||
| 215 |
_a22 с. _d20 |
||
| 320 | _aСписок лит.: с. 21-22 (19 назв.) | ||
| 606 |
_aПолупроводники _xЭлектрофизические устройства _2psbo |
||
| 606 |
_aДиэлектрики _xЭлектрофизические устройства _2psbo |
||
| 700 | 1 |
_aБонч-Бруевич _bВ. Л. _gВиктор Леопольдович |
|
| 790 | 1 |
_aБруевич _bВ. Л. _gВиктор Леопольдович |
|
| 801 | 0 |
_aRU _bNLR _gpsbo |
|
| 801 | 1 |
_aRU _bELAR _2rusmarc |
|
| 852 |
_aNLR _j74-4/14860 |
||
| 942 | _cBOOK | ||
| 980 | _aNB | ||